000 00450cam a22001337a 4500
008 180718b1952 xxu||||| |||| 00| 0 eng d
082 _aAAx54 R118/Sch 33
245 _aPhilosophy of Sarvepalli Radhakrishnan
_cEdited by Paul Arthur Schilpp
260 _aNew York
_bTudor
_c1952
300 _a883p
440 _aThe library of living Philosophers
650 _aRadhakrishnan, S. (Sarvepalli), 1888-1975 -Philosophy.
700 _aSchilpp, Paul Arthur.ed
999 _c416258
_d416258